İzmir depremi raporu (Record no. 6446)

MARC details
000 -BAŞLIK
Sabit Uzunlukta Kontrol Alanı 00678na a2200205 4500
001 - KONTROL NUMARASI
Denetim Alanı 19499
003 - KONTROL NUMARASI IDENTIFIER
Denetim Alanı MIRAKIL
005 - SON İŞLEM TARİHİ VE ZAMANI
Denetim Alanı 20181213155108.0
008 - SABİT-BOY VERİ ELEMANLARI - GENEL BİLGİLER
Sabit Uzunlukta Kontrol Alanı 161215b tu 000 0
040 ## - KATALOGLAMA KAYNAK
Orijinal Kataloglama Ajansı Milas
Kataloglama Dili tur
Metne Dönüştürmek Ajansı TR-AnCHP
041 ## - DİL KODU
Metin / Ses Parça Veya Ayrı Başlığın Dil Kodu tur
082 ## - DEWEY ONLU SINIFLANDIRMA NUMARASI
Sınıflandırma Numarası 363.349556211
Ürün Numarası İ95 1974
090 ## - SINIFLAMA NUMARASI
Sınıflama Numarası 363.349556211 İ95 1974
245 ## - BAŞLIK TABLOSU
Başlık İzmir depremi raporu
Sorumluluk Tablosu, Vb İmar ve İskan Bakanlığı Deprem Araştırma Enstitüsü Başkanlığı
260 ## - YAYIN, DAĞITIM, VB
Yayın, Dağıtım, Vb Yeri Ankara
Yayıncı, Dağıtıcı, Vs Adı İmar ve İskan Bakanlığı Deprem Araştırma Enstitüsü Başkanlığı
Yayın, Dağıtım, Vb Tarihi 1974
300 ## - FİZİKSEL TANIM
Kapsam 62 s.
Diğer Fiziksel Ayrıntıları hrt.
Boyutlar 24 sm.
650 ## - KONU KATMA GİRİŞ - TOPİKAL DÖNEM
Topikal Süreli Veya Coğrafi Ad Giriş Elemanı Depremler
Genel Alt Bölümü Raporlar
Coğrafi Alt Bölümü Türkiye
651 ## - KONU KATMA GİRİŞ - COĞRAFİ ADI
Coğrafi İsim İzmir
Genel Alt Bölümü Deprem
Coğrafi Alt Bölümü Raporlar
942 ## - EKLENDİ GİRİŞ ELEMANLARI (KOHA)
Sınıflandırma Veya Raf Düzeni Kaynak Dewey Decimal Classification
Koha Öğesi Türü Books
999 ## - SİSTEM KONTROL NUMARALARI (KOHA)
Koha Biblionumber 6446
Koha Biblioitemnumber 6446
Holdings
Kalıcı Konum Mevcut Konum Edinme Tarihi Edinim Kaynak Toplam Check-Out'Lar Tam Çağrı Numarası Barkod Tarih Son Görülme İtibaren Geçerli Fiyatlar Koha Öğesi Türü
CHP Kütüphanesi CHP Kütüphanesi 12/15/2016 Bağış   363.349556211 İ95 1974 010718 12/15/2016 12/15/2016 Books